Metody aplikované sociální psychologie : pro posluchače filozofických fakult. [Sv.] 2, Partnerské programy a partnerské hry /

Hlavní autor: Hermochová, Soňa, 1932-2018
Jazyk: Čeština
Vydáno: Praha : Univerzita Karlova, 1989
Vydání: 1. vyd.
Témata:
Fyzický popis: 171 s.
Knihy
Uloženo v:
LEADER 00913nam a22002412a 4500
001 000041883
003 CZ BrMZK
005 19951201143423.0
008 951201s1989 xr f cze d
015 |a cnb000050073 
035 |a (OCoLC)85646271 
040 |a BOA001  |b cze 
080 |a 316.4(075.8)  |2 MRF 
100 1 |a Hermochová, Soňa,  |d 1932-2018  |7 jn20000400936 
245 1 0 |a Metody aplikované sociální psychologie :  |b pro posluchače filozofických fakult.  |n [Sv.] 2,  |p Partnerské programy a partnerské hry /  |c Soňa Hermochová 
246 3 0 |a Partnerské programy a partnerské hry 
250 |a 1. vyd. 
260 |a Praha :  |b Univerzita Karlova,  |c 1989 
300 |a 171 s. 
910 |a BOA001  |b PK-N-0028.474,2 
964 |a Psychologie sociální aplikovaná - učebnice - školy vysoké 
990 |a BK 
996 7 |b 3119987949  |c PK-N-0028.474/2  |l MZK  |r Sklad / do 1 hodiny  |n 39  |w 000041883  |u 000010  |a 1  |e BOA001  |j MZK50  |s A